| 000 | 00231 a2200097 4500 | ||
|---|---|---|---|
| 999 |
_c21893 _d21893 |
||
| 003 | NUST | ||
| 005 | 20180213071524.0 | ||
| 008 | 180213b ||||| |||| 00| 0 eng d | ||
| 020 | _a8177220144 | ||
| 040 | _c0 | ||
| 082 | _a004 KEL | ||
| 100 |
_aKelly, Alan _99999 |
||
| 245 |
_aVisual C++ in easy Steps _cAlan Kelly |
||
| 260 |
_aNew Delhi _bDreamtech Press _c2000 |
||
| 300 | _a192p. | ||
| 500 | _aP.B | ||
| 942 |
_cBK _kIESE _2ddc |
||